000
00326nam a22001457a 4500
008
210521b ||||| |||| 00| 0 eng d
020
_a
9780781798334
041
_a
eng
080
_2
9th
_a
610.73
082
_a
610.73
100
_a
2
101
_a
INF
245
_a
Manual Nursing Practice
_c
Lippincott,W
942
_2
udc
_c
BK
999
_c
57583
_d
57583